000 00949nam a2200265Ia 4500
003 OSt
005 20220923211111.0
006 a|||||r|||| 00| 0
007 ta
008 220922b |||||||| |||| 00| 0 hin d
020 _a8181430891 (hbk)
_c200
024 _a242,475
037 _b512, 08/03/2010, Vani Prakashan
_cTextual
040 _aARTS
_cARTS
_bhin
041 _2hin
_ahin
082 _aO11195:g(R4), 152P4
100 _aजैन, निर्मला, अनु.
_9158233
245 0 _aउदात्त के विषय में
246 _aUdātta ke viṣhaya mean
260 _aनई दिल्ली
_b वाणी प्रकाशन
_c2004
300 _a137पृ.
_ccm.
650 _aहिन्दी साहित्य
_9156264
942 _hO11195:g(R4), 152P4
_cTEXL
_2CC
999 _c295237
_d295237